| 000 | 01283cam a2200337 i 4500 | ||
|---|---|---|---|
| 001 | 14442 | ||
| 003 | BD-RjUL | ||
| 005 | 20211208235629.0 | ||
| 008 | 140206s1975 paua b 001 0 eng | ||
| 020 | _a0721656374 | ||
| 035 | _a(BD-RjUL)14494 | ||
| 040 |
_aDLC _cDLC _dDLC _dBD-RjUL _beng |
||
| 041 | _aeng | ||
| 060 | _aQU4 C229b | ||
| 082 | 0 | 0 |
_a616.07 _bCAC 1975 |
| 100 | 1 |
_aCantarow, Abraham, _d1901- _936263 |
|
| 245 | 1 | 0 |
_aCantarow and Trumper, Clinical biochemistry, with a chapter on Hormone assay and endocrine function / _cby Reginald Hall and Gordon M. Besser. |
| 250 | _a7th ed. | ||
| 260 |
_aPhiladelphia : _bW. B. Saunders, _c1975. |
||
| 300 |
_axxxix, 918 p. : _bill. ; _c26 cm. |
||
| 500 | _aFirst ed. by M. Trumper and A. Cantarow published in 1932 under title: Biochemistry in internal medicine; 2d-6th ed. by A. Cantarow and M. Trumper published under title: Clinical biochemistry. | ||
| 500 | _aIncludes bibliographies and index. | ||
| 650 | 0 |
_aClinical biochemistry. _945037 |
|
| 650 | 0 |
_aBiochemistry. _945038 |
|
| 650 | 2 |
_aBiochemistry. _945039 |
|
| 700 | 1 |
_aLatner, Albert L. _945040 |
|
| 700 | 1 |
_aTrumper, Max, _d1892- _tBiochemistry in internal medicine. _945041 |
|
| 740 | _aClinical biochemistry. | ||
| 942 |
_2ddc _cBK |
||
| 999 |
_c14442 _d14442 |
||